Jaki to kraj - Statystyki

Ogólne statystyki
  • Ten quiz został rozwiązany 76 razy
  • Średni wynik to 3 z 6
Statystyki odpowiedzi
Hint Odpowiedź % Poprawnych
Ma 50 gwiazdek na fladze Stany Zjednoczone
97%
Jedyny neutralny kraj w Europie Szwajcaria
70%
Kraj w Europie, który jest najbardziejna południu Grecja
69%
Kraj, w którym jest Skytower Polska
63%
Jedyny kraj który ma stolicę na równiku Ekwador
23%
2. największy kraj w Afryce Dem. Rep. Kon.
1%
Nie znaleziono quizów pasujących do podanych kryteriów
Rozkład punktacji
Procent ludzi z każdym wynikiem
Percentyl według liczby udzielonych odpowiedzi
Twoja historia wyników
Nie rozwiązałeś tego quizu